[Event "Ville d'Orsay online Blitz"]
[Site "Europe Echecs INT"]
[Date "2021.02.07"]
[Round "4"]
[White "Doluhanova, Evgeniya"]
[Black "Chen, Zhiyue Dashan"]
[Result "1-0"]
[WhiteElo "2212"]
[BlackElo "1119"]
[PlyCount "73"]
[EventDate "2021.02.07"]
[EventType "swiss (blitz)"]
[EventRounds "11"]
[EventCountry "FRA"]
[SourceTitle "CBM 200 Extra"]
[Source "ChessBase"]
[SourceDate "2021.03.31"]
[SourceVersion "1"]
[SourceVersionDate "2021.03.31"]
[SourceQuality "1"]

1. Nf3 d5 2. b3 Nc6 3. Bb2 Nf6 4. e3 Bf5 5. Be2 e6 6. 0-0 Bd6 7. d3 0-0 8. Nbd2 Re8 9. c4 dxc4 10. Nxc4 Qe7 11. e4 Bg6 12. e5 Bc5 13. exf6 gxf6 14. Nh4 Rad8 15. Nxg6 fxg6 16. Rc1 Bb6 17. Nxb6 axb6 18. Qd2 Kg7 19. Bf3 Rd7 20. Bxc6 bxc6 21. Rxc6 Red8 22. d4 e5 23. Re1 Qf7 24. h3 exd4 25. Qd3 Qf8 26. Re4 Qf7 27. Rxd4 Rxd4 28. Bxd4 Kg8 29. Qc3 Rd7 30. Rxf6 Qe7 31. Rf3 Qe6 32. Be3 Rd1+ 33. Kh2 Qd6+ 34. g3 Rd5 35. Bh6 Qxg3+ 36. fxg3 Rd7 37. Rf8# 1-0

[Event "FRA-ch Blitz Online Qual"]
[Site "Europe Echecs INT"]
[Date "2020.05.16"]
[Round "6"]
[White "Bui, Christopher"]
[Black "Chen, Zhiyue Dashan"]
[Result "1-0"]
[WhiteElo "1849"]
[BlackElo "1119"]
[PlyCount "115"]
[EventDate "2020.05.16"]
[EventType "swiss (blitz)"]
[EventRounds "15"]
[EventCountry "FRA"]
[SourceTitle "CBM 196 Extra"]
[Source "ChessBase"]
[SourceDate "2020.07.31"]
[SourceVersion "1"]
[SourceVersionDate "2020.07.31"]
[SourceQuality "1"]

1. c4 e5 2. g3 Nc6 3. Bg2 Nf6 4. Nc3 Bc5 5. Nf3 d6 6. 0-0 0-0 7. d3 Bf5 8. Bg5 h6 9. Bh4 Be6 10. Ne4 Bf5 11. Nxf6+ gxf6 12. Qd2 Kh7 13. a3 Bg6 14. b4 Bb6 15. e3 a5 16. b5 Ne7 17. Bxf6 Qd7 18. Bxe7 Qxe7 19. d4 exd4 20. exd4 Qf6 21. Rac1 a4 22. c5 Ba5 23. Qf4 Qxf4 24. gxf4 dxc5 25. dxc5 Rfe8 26. Ne5 f6 27. Nxg6 Kxg6 28. Bxb7 Rab8 29. Bc6 Bd2 30. Bxe8+ Rxe8 31. Rc4 Ra8 32. Rd1 Ba5 33. Rxa4 Kf7 34. b6 cxb6 35. cxb6 Rb8 36. Rxa5 Rxb6 37. Ra7+ Kg6 38. a4 Rb4 39. a5 Rxf4 40. a6 Rb4 41. Rd5 Ra4 42. Ra8 Kh7 43. a7 Kg7 44. Rd7+ Kg6 45. Rg8+ Kf5 46. a8Q Rxa8 47. Rxa8 Ke6 48. Rd3 Kf5 49. Rg8 h5 50. Kg2 Kf4 51. Rf3+ Ke5 52. Re8+ Kd6 53. Rd3+ Kc7 54. Re1 Kc6 55. Rc1+ Kb5 56. Rb3+ Ka4 57. Rb8 Ka5 58. Ra1# 1-0

[Event "FRA-ch Blitz Online Qual"]
[Site "Europe Echecs INT"]
[Date "2020.05.16"]
[Round "11"]
[White "Chen, Zhiyue Dashan"]
[Black "Hegedus, Pascal"]
[Result "1-0"]
[WhiteElo "1119"]
[BlackElo "1283"]
[PlyCount "84"]
[EventDate "2020.05.16"]
[EventType "swiss (blitz)"]
[EventRounds "15"]
[EventCountry "FRA"]
[SourceTitle "CBM 196 Extra"]
[Source "ChessBase"]
[SourceDate "2020.07.31"]
[SourceVersion "1"]
[SourceVersionDate "2020.07.31"]
[SourceQuality "1"]

1. e4 c5 2. Nf3 Nc6 3. d4 cxd4 4. Nxd4 e6 5. Nc3 d6 6. Bc4 a6 7. a4 Be7 8. Nf3 Nf6 9. Bf4 e5 10. Bg3 0-0 11. 0-0 Na5 12. Ba2 b5 13. axb5 axb5 14. Qe2 Nc4 15. Bxc4 Rxa1 16. Rxa1 bxc4 17. Qxc4 Be6 18. Qe2 Qc7 19. Rd1 Nd7 20. Nd5 Bxd5 21. exd5 f5 22. h3 f4 23. Bh2 Nf6 24. c4 Rb8 25. Rb1 Qc5 26. Ng5 h6 27. Ne6 Qb4 28. Qd3 e4 29. Qe2 Nd7 30. Bxf4 Bf6 31. Bd2 Qb6 32. Be3 Nc5 33. Nxc5 dxc5 34. b3 Bd4 35. Bxd4 cxd4 36. Qxe4 Qd6 37. Qxd4 Rf8 38. c5 Qg6 39. Re1 Qc2 40. b4 Qb3 41. d6 Qa4 42. d7 Qc6 1-0

[Event "FRA-ch Blitz Online Qual"]
[Site "Europe Echecs INT"]
[Date "2020.05.16"]
[Round "7"]
[White "Chen, Zhiyue Dashan"]
[Black "Pernoud, Claire"]
[Result "1-0"]
[WhiteElo "1119"]
[BlackElo "1428"]
[PlyCount "95"]
[EventDate "2020.05.16"]
[EventType "swiss (blitz)"]
[EventRounds "15"]
[EventCountry "FRA"]
[SourceTitle "CBM 196 Extra"]
[Source "ChessBase"]
[SourceDate "2020.07.31"]
[SourceVersion "1"]
[SourceVersionDate "2020.07.31"]
[SourceQuality "1"]

1. e4 e5 2. Nf3 Nc6 3. Bc4 Be7 4. d4 exd4 5. Nxd4 Nf6 6. Nc3 0-0 7. 0-0 d6 8. Nf3 Re8 9. h3 Na5 10. Bd3 c5 11. Bb5 Bd7 12. Bxd7 Qxd7 13. Nd5 Nxd5 14. exd5 b6 15. Re1 Nb7 16. Bf4 Bf6 17. c3 Re7 18. Rxe7 Qxe7 19. Qe1 Re8 20. Qxe7 Rxe7 21. Re1 Rxe1+ 22. Nxe1 Kf8 23. Nf3 Ke7 24. Kf1 h6 25. Ke2 g5 26. Bg3 Bg7 27. h4 g4 28. Nd2 f5 29. f3 Be5 30. Bxe5 dxe5 31. fxg4 fxg4 32. c4 Kd6 33. b3 a6 34. Ne4+ Ke7 35. Ke3 Nd6 36. Nxd6 Kxd6 37. Ke4 b5 38. a3 b4 39. a4 a5 40. g3 h5 41. Kf5 Ke7 42. Kxe5 Kd7 43. d6 Kd8 44. Kd5 Kd7 45. Kxc5 Ke6 46. Kc6 Kf7 47. d7 Ke7 48. Kc7 1-0

[Event "FRA-ch Blitz Online Qual"]
[Site "Europe Echecs INT"]
[Date "2020.05.16"]
[Round "1"]
[White "Chen, Zhiyue Dashan"]
[Black "Vine, Thibault"]
[Result "0-1"]
[WhiteElo "1119"]
[BlackElo "1837"]
[PlyCount "130"]
[EventDate "2020.05.16"]
[EventType "swiss (blitz)"]
[EventRounds "15"]
[EventCountry "FRA"]
[SourceTitle "CBM 196 Extra"]
[Source "ChessBase"]
[SourceDate "2020.07.31"]
[SourceVersion "1"]
[SourceVersionDate "2020.07.31"]
[SourceQuality "1"]

1. e4 c5 2. Nf3 d6 3. d4 cxd4 4. Nxd4 a6 5. Nc3 Nf6 6. Bg5 e6 7. Bd3 b5 8. a3 Bb7 9. 0-0 Nbd7 10. Nf3 Be7 11. Be3 0-0 12. Re1 Nb6 13. b3 Rc8 14. Qd2 d5 15. exd5 Nbxd5 16. Nxd5 Nxd5 17. Bd4 Bf6 18. Bxf6 Qxf6 19. Rad1 Nc3 20. Rc1 Bxf3 21. gxf3 Qxf3 22. Qe3 Qxe3 23. fxe3 Nd5 24. e4 Nf6 25. e5 Nd5 26. Be4 Rfd8 27. Bxd5 Rxd5 28. Kf2 Rcd8 29. Ke3 h6 30. Kf4 Rd4+ 31. Kf3 R8d5 32. c3 Rd3+ 33. Kf2 Rd2+ 34. Kf3 Rxh2 35. c4 bxc4 36. bxc4 Rc5 37. Kg3 Ra2 38. Rc3 Rd2 39. Re4 Kf8 40. Kg4 Ke7 41. Kh5 Rh2+ 42. Kg4 g6 43. Kg3 Rd2 44. Kh4 Rf2 45. Kg3 Rf5 46. Kg4 Rfxe5 47. Rxe5 Rxe5 48. c5 Kd7 49. c6+ Kc7 50. Kf4 Rd5 51. Kg4 Rd6 52. Kf4 Rxc6 53. Rxc6+ Kxc6 54. Ke5 h5 55. Kf6 h4 56. Kxf7 h3 57. Kxg6 h2 58. Kf6 h1Q 59. Kxe6 Qe1+ 60. Kf5 Kd5 61. Kg4 Qf2 62. Kg5 Ke6 63. Kg6 Qg2+ 64. Kh5 Kf5 65. Kh4 Qg4# 0-1

[Event "FRA-ch Blitz Online Qual"]
[Site "Europe Echecs INT"]
[Date "2020.05.16"]
[Round "2"]
[White "Daude, Alexandre"]
[Black "Chen, Zhiyue Dashan"]
[Result "1-0"]
[WhiteElo "1518"]
[BlackElo "1119"]
[PlyCount "61"]
[EventDate "2020.05.16"]
[EventType "swiss (blitz)"]
[EventRounds "15"]
[EventCountry "FRA"]
[SourceTitle "CBM 196 Extra"]
[Source "ChessBase"]
[SourceDate "2020.07.31"]
[SourceVersion "1"]
[SourceVersionDate "2020.07.31"]
[SourceQuality "1"]

1. e4 e5 2. Bc4 Nf6 3. d4 Nc6 4. Nf3 exd4 5. e5 Ng8 6. Nxd4 d6 7. Nxc6 bxc6 8. Qf3 Qe7 9. Qxc6+ Qd7 10. Qxa8 dxe5 11. 0-0 Nf6 12. Bg5 Be7 13. Nc3 0-0 14. Qxa7 h6 15. Bxf6 Bxf6 16. Rad1 Qe7 17. Nd5 Qd7 18. Nxf6+ gxf6 19. Rxd7 Bxd7 20. Qxc7 Bf5 21. c3 Rc8 22. Qxf7+ Kh8 23. Qxf6+ Kh7 24. Qxf5+ Kg7 25. Qxc8 Kf6 26. Qe6+ Kg5 27. f4+ exf4 28. h4+ Kxh4 29. Rxf4+ Kg5 30. Qf6+ Kh5 31. Be2# 1-0

[Event "FRA-ch Blitz Online Qual"]
[Site "Europe Echecs INT"]
[Date "2020.05.16"]
[Round "14"]
[White "Sepahpour, Shervine"]
[Black "Chen, Zhiyue Dashan"]
[Result "1-0"]
[WhiteElo "1398"]
[BlackElo "1119"]
[PlyCount "61"]
[EventDate "2020.05.16"]
[EventType "swiss (blitz)"]
[EventRounds "15"]
[EventCountry "FRA"]
[SourceTitle "CBM 196 Extra"]
[Source "ChessBase"]
[SourceDate "2020.07.31"]
[SourceVersion "1"]
[SourceVersionDate "2020.07.31"]
[SourceQuality "1"]

1. d4 Nf6 2. c4 e6 3. Nf3 d5 4. Nc3 Bb4 5. e3 Nc6 6. Bd3 Bxc3+ 7. bxc3 dxc4 8. Bxc4 0-0 9. 0-0 Qe7 10. Qc2 Bd7 11. Bd3 Nd5 12. e4 Nf6 13. Bg5 h6 14. Bh4 g5 15. Bg3 Rac8 16. h4 g4 17. Ne5 Nxe5 18. Bxe5 Bc6 19. Qe2 Kh7 20. Bxf6 Qxf6 21. e5+ Kg7 22. exf6+ Kxf6 23. Qxg4 Ke7 24. Rfe1 Kd8 25. Bc4 Ke7 26. Bxe6 Kd6 27. Qf4+ Ke7 28. Qe5 f6 29. Qc5+ Kd8 30. Qxf8+ Be8 31. Qxf6# 1-0